000 00297nam a22001337a 4500
008 171227b xxu||||| |||| 00| 0 eng d
020 _a9781449648022
041 _aeng
080 _26 ED
_a52
100 _a42
101 _aAST
245 _aINVATION OCEANOGRAPHY
_cPINET.P.R
942 _2udc
_cBK
999 _c39465
_d39465